000 00469cam a22001457a 4500
008 180718b1960 xxu||||| |||| 00| 0 eng d
082 _aA6x43 G555/3
245 _aEastern Germany: vol.3: Economic - a handbook
_cedtied by Goettingen Research Committee
260 _aWuerzburg
_bHolzner
_c1960
300 _a251p.
440 _abibl.
500 _aRs.25.20
650 _aGermany(Democratic Republic) - Economic Conditions
700 _aGoettingen Research Committee, ed.
999 _c366624
_d366624